[Event "Tel Aviv super 1st"]
[Site "Tel Aviv"]
[Date "1999.05.17"]
[Round "7"]
[White "Zilberman, Yaacov"]
[Black "Alterman, Boris"]
[Result "1/2-1/2"]
[WhiteElo "2515"]
[BlackElo "2615"]
[PlyCount "158"]
[EventDate "1999.05.11"]
[EventType "tourn"]
[EventRounds "9"]
[EventCountry "ISR"]
[EventCategory "14"]
[SourceTitle "CBM 071"]
[Source "ChessBase"]
[SourceDate "1999.08.01"]
[SourceVersion "1"]
[SourceVersionDate "1999.08.01"]
[SourceQuality "1"]

1. d4 Nf6 2. Nf3 e6 3. c4 b6 4. Nc3 Bb7 5. a3 d5 6. Bg5 Be7 7. Qa4+ Qd7 8. Qxd7+ Nbxd7 9. e3 a6 10. Be2 dxc4 11. Bxc4 c5 12. dxc5 Nxc5 13. Rd1 b5 14. Ba2 h6 15. Bf4 g5 16. Be5 Ncd7 17. Bd6 g4 18. Nh4 Bxd6 19. Rxd6 Ke7 20. Rd4 Ne5 21. Ke2 Rhd8 22. Rhd1 Rxd4 23. Rxd4 Rc8 24. f3 h5 25. e4 Nfd7 26. h3 Nb6 27. Bb3 Nc6 28. Rd3 Nd7 29. Rd2 Nce5 30. Ba2 Nc4 31. Bxc4 Rxc4 32. hxg4 hxg4 33. Ke3 Ne5 34. Kf4 Rc5 35. Ne2 gxf3 36. gxf3 Nc4 37. Rc2 Rc8 38. Kg3 Kd6 39. Kf2 Rh8 40. Kg3 Ne3 41. Rc1 Rc8 42. Nc3 Ke7 43. Kf2 Nc4 44. b3 Nxa3 45. Ke3 a5 46. Ng2 a4 47. bxa4 bxa4 48. Ne1 Nc4+ 49. Kd3 Ne5+ 50. Kd2 Bc6 51. Ra1 Rh8 52. f4 Rh2+ 53. Ke3 Nc4+ 54. Kd4 Nd2 55. Kd3 Nb3 56. Ra3 Kd7 57. Nf3 Rh3 58. Ke2 Nc1+ 59. Ke3 Nd3 60. Ra1 Nc5 61. Kf2 Bxe4 62. Ne5+ Kd6 63. Nxa4 Nd3+ 64. Nxd3 Rxd3 65. Ke2 Rb3 66. Rd1+ Bd5 67. Rd4 Kc6 68. Kd2 f5 69. Nc3 Kc5 70. Ra4 Bc4 71. Ra8 Kd4 72. Rd8+ Bd5 73. Ne2+ Ke4 74. Nc3+ Kd4 75. Ne2+ Kc5 76. Rc8+ Bc6 77. Rxc6+ Kxc6 78. Nd4+ Kd5 79. Nxb3 e5 1/2-1/2